AAC Logos - Basketball - Statistics

General Stats
  • This quiz has been taken 39 times
  • The average score is 12 of 13
Answer Stats
Picture Answer % Correct
East Carolina
100%
Florida Atlantic
100%
Charlotte
96%
Memphis
96%
North Texas
96%
Rice
96%
Temple
96%
South Florida
93%
Tulane
93%
Tulsa
93%
UTSA
93%
UAB
89%
Wichita State
86%
No matching quizzes found
Score Distribution
Percent of People with Each Score
Percentile by Number Answered
Your Score History
You have not taken this quiz